Normal view
MARC view
Entry Personal Name
001 - CONTROL NUMBER
- control field: 60009
003 - CONTROL NUMBER IDENTIFIER
- control field: dpl
005 - DATE AND TIME OF LATEST TRANSACTION
- control field: 20231220112311.0
008 - FIXED-LENGTH DATA ELEMENTS
- fixed length control field: 231220|| aca||aabn | a|a d
040 ## - CATALOGING SOURCE
- Original cataloging agency: dpl
- Transcribing agency: dpl
100 ## - HEADING--PERSONAL NAME
- Personal name: Valmiki, Anand
670 ## - SOURCE DATA FOUND
- Source citation: Work cat.: (dpl)199706: Valmiki, Anand, Constructivist Paradigm of Teaching Learning/, 2020
